| 000 | 01065nam a22002777a 4500 | ||
|---|---|---|---|
| 999 |
_c64349 _d64349 |
||
| 005 | 20240530110727.0 | ||
| 008 | 160313s2017 ua a g b 000 0 ara d | ||
| 017 |
_a2002/18541 _bمصر . دار الكتب المصرية |
||
| 020 | _a9770519499 | ||
| 040 |
_aEG-CaGPL _cEG-CaGPL |
||
| 082 | 0 | 4 |
_221 _a155.4 \ _bم س |
| 100 | 0 | _aمجدى محمد الدسوقى | |
| 245 | 1 | 0 |
_aسيكولوجية النمو : _bمن الميلاد الى المراهقة / _cتأليف مجدى محمد الدسوقى . |
| 250 | _aط.1 | ||
| 260 |
_aالقاهرة : _bمكتبة الانجلو المصرية ، _c2017 . |
||
| 300 |
_a243 ص. ؛ _c24 سم . |
||
| 504 | _aيشتمل على ارجاعات ببليوجرافية | ||
| 650 | 0 | 7 |
_aعلم نفس النمو _2qrmak |
| 650 | 0 | 7 |
_aعلم النفس التربوى _2qrmak |
| 650 | 0 | 7 |
_2qrmak _aالمراهقون |
| 650 | 0 | 7 |
_aتعديل السلوك _2qrmak |
| 650 | 0 | 7 |
_aالاطفال _2qrmak _xمشكلات |
| 651 | _2qrmak | ||
| 942 |
_2ddc _cBK |
||